<?xml version="1.0" encoding="UTF-8"?>
<record
    xmlns:xsi="http://www.w3.org/2001/XMLSchema-instance"
    xsi:schemaLocation="http://www.loc.gov/MARC21/slim http://www.loc.gov/standards/marcxml/schema/MARC21slim.xsd"
    xmlns="http://www.loc.gov/MARC21/slim">

  <leader>01450pam a2200325 a 4500</leader>
  <controlfield tag="001">13437</controlfield>
  <controlfield tag="003">BD-RjUL</controlfield>
  <controlfield tag="005">20211208235444.0</controlfield>
  <controlfield tag="008">140201s1982    nyua     b    101 0 eng</controlfield>
  <datafield tag="020" ind1=" " ind2=" ">
    <subfield code="a">0306410230</subfield>
  </datafield>
  <datafield tag="035" ind1=" " ind2=" ">
    <subfield code="a">(BD-RjUL)13488</subfield>
  </datafield>
  <datafield tag="040" ind1=" " ind2=" ">
    <subfield code="a">DLC</subfield>
    <subfield code="c">DLC</subfield>
    <subfield code="d">DLC</subfield>
    <subfield code="d">BD-RjUL</subfield>
    <subfield code="b">eng</subfield>
  </datafield>
  <datafield tag="041" ind1=" " ind2=" ">
    <subfield code="a">eng</subfield>
  </datafield>
  <datafield tag="082" ind1="0" ind2="0">
    <subfield code="a">581.133</subfield>
    <subfield code="2">19</subfield>
    <subfield code="b">CEL</subfield>
  </datafield>
  <datafield tag="245" ind1="0" ind2="0">
    <subfield code="a">Cellular and subcellular localization in plant metabolism /</subfield>
    <subfield code="c">edited by Leroy L. Creasy and Geza Hrazdina.</subfield>
  </datafield>
  <datafield tag="260" ind1=" " ind2=" ">
    <subfield code="a">New York :</subfield>
    <subfield code="b">Plenum Press,</subfield>
    <subfield code="c">c1982.</subfield>
  </datafield>
  <datafield tag="300" ind1=" " ind2=" ">
    <subfield code="a">ix, 227 p. :</subfield>
    <subfield code="b">ill. ;</subfield>
    <subfield code="c">24 cm.</subfield>
  </datafield>
  <datafield tag="500" ind1=" " ind2=" ">
    <subfield code="a">Papers presented at a Symposium on the Cellular and Subcellular Specialization in Plant Metabolism during the annual meeting of the Phytochemical Society of North America, at Cornell University, Ithaca, N.Y., on Aug. 10-14, 1981.</subfield>
  </datafield>
  <datafield tag="504" ind1=" " ind2=" ">
    <subfield code="a">Includes bibliographical references and index.</subfield>
  </datafield>
  <datafield tag="650" ind1=" " ind2="0">
    <subfield code="a">Plants</subfield>
    <subfield code="x">Metabolism</subfield>
    <subfield code="x">Congresses.</subfield>
    <subfield code="9">41901</subfield>
  </datafield>
  <datafield tag="650" ind1=" " ind2="0">
    <subfield code="a">Plant cells and tissues</subfield>
    <subfield code="x">Congresses.</subfield>
    <subfield code="9">41902</subfield>
  </datafield>
  <datafield tag="700" ind1="1" ind2=" ">
    <subfield code="a">Creasy, Leroy L.</subfield>
    <subfield code="9">41903</subfield>
  </datafield>
  <datafield tag="700" ind1="1" ind2=" ">
    <subfield code="a">Hrazdina, Geza.</subfield>
    <subfield code="9">41904</subfield>
  </datafield>
  <datafield tag="710" ind1="2" ind2=" ">
    <subfield code="a">Phytochemical Society of North America.</subfield>
    <subfield code="b">Meeting</subfield>
    <subfield code="n">(21st :</subfield>
    <subfield code="d">1981 :</subfield>
    <subfield code="c">Cornell University)</subfield>
    <subfield code="9">41905</subfield>
  </datafield>
  <datafield tag="711" ind1="2" ind2=" ">
    <subfield code="a">Symposium on the Cellular and Subcellular Specialization in Plant Metabolism</subfield>
    <subfield code="d">(1981 :</subfield>
    <subfield code="c">Cornell University)</subfield>
    <subfield code="9">41906</subfield>
  </datafield>
  <datafield tag="942" ind1=" " ind2=" ">
    <subfield code="2">ddc</subfield>
    <subfield code="c">BK</subfield>
  </datafield>
  <datafield tag="999" ind1=" " ind2=" ">
    <subfield code="c">13437</subfield>
    <subfield code="d">13437</subfield>
  </datafield>
  <datafield tag="952" ind1=" " ind2=" ">
    <subfield code="0">0</subfield>
    <subfield code="1">0</subfield>
    <subfield code="2">ddc</subfield>
    <subfield code="4">0</subfield>
    <subfield code="7">0</subfield>
    <subfield code="8">NFIC</subfield>
    <subfield code="a">RUCL</subfield>
    <subfield code="b">RUCL</subfield>
    <subfield code="c">Stack</subfield>
    <subfield code="d">1983-09-12</subfield>
    <subfield code="e">Tulip Enterprise Dhaka</subfield>
    <subfield code="g">733.50</subfield>
    <subfield code="l">0</subfield>
    <subfield code="o">581.133 CEL 1982</subfield>
    <subfield code="r">2014-02-01 00:00:00</subfield>
    <subfield code="t">C-16</subfield>
    <subfield code="w">2014-02-01</subfield>
    <subfield code="y">BK</subfield>
  </datafield>
</record>
